Normal view
MARC view
- Brandolini G.
Entry Personal Name
001 - CONTROL NUMBER
- control field: 25753
003 - CONTROL NUMBER IDENTIFIER
- control field: IT-RoPau
005 - DATE AND TIME OF LATEST TRANSACTION
- control field: 20140518211918.0
008 - FIXED-LENGTH DATA ELEMENTS
- fixed length control field: 140518|| aca||aabn | a|a d
040 ## - CATALOGING SOURCE
- Original cataloging agency: IT-RoPau
- Transcribing agency: IT-RoPau
100 ## - HEADING--PERSONAL NAME
- Personal name: Brandolini G.
- Relator term: Autore musica
- Miscellaneous information: Codice autore musica SPICS: 18891
- Name of part/section of a work: Mio figlio - Voglio vivere
670 ## - SOURCE DATA FOUND
- Source citation: Work cat.: (IT-RoPau)101281: Bertoli Pierangelo 25747, Sedia elettrica